000 00945nmm a2200373 a 4500
003 AR-BaBNM
005 20251128203841.0
008 138019s1974 ||||||||||||||000 | spa||
020 _a950-04-0948-8
040 _cAR-BaBNM
100 1 _aBorges, Jorge Luis
240 1 0 _a[Obras]
245 1 0 _aObras completas
_b1952-1972
_nVol. 2
260 _aBuenos Aires
_bEmecé
_c1974
300 _a527 p.
505 0 _tOtras inquisiciones
505 0 _tEl hacedor
505 0 _tEl otro, el mismo
505 0 _tPara las seis cuerdas
505 0 _tElogio de la sombra
505 0 _tEl informe de Brodie
505 0 _tEl oro de los tigres
650 4 _aLITERATURA ARGENTINA
650 4 _aLITERATURA CONTEMPORANEA
650 4 _aENSAYO
650 4 _aCRITICA LITERARIA
650 4 _aANTOLOGIAS
650 4 _aPOESIA
650 4 _aCRITICA DE ARTE
653 _aNARRATIVA
655 _aLITERATURA
942 _cBK
998 _cMARTIN
999 _c5175
_d5175